<?xml version="1.0" encoding="UTF-8"?>
<record
    xmlns:xsi="http://www.w3.org/2001/XMLSchema-instance"
    xsi:schemaLocation="http://www.loc.gov/MARC21/slim http://www.loc.gov/standards/marcxml/schema/MARC21slim.xsd"
    xmlns="http://www.loc.gov/MARC21/slim">

  <leader>00449nam a22001577a 4500</leader>
  <controlfield tag="005">20260303123822.0</controlfield>
  <controlfield tag="008">260303b        |||||||| |||| 00| 0 eng d</controlfield>
  <datafield tag="020" ind1=" " ind2=" ">
    <subfield code="a">978 9966 57 572 2</subfield>
  </datafield>
  <datafield tag="050" ind1=" " ind2=" ">
    <subfield code="a">PE 1128.S66 2025 V.10</subfield>
  </datafield>
  <datafield tag="100" ind1=" " ind2=" ">
    <subfield code="a">KAMAU, LUCY</subfield>
  </datafield>
  <datafield tag="245" ind1=" " ind2=" ">
    <subfield code="a">SPOTLIGHT ENGLISH LEARNERS BOOK</subfield>
  </datafield>
  <datafield tag="260" ind1=" " ind2=" ">
    <subfield code="a">NAIROBI,KENYA</subfield>
    <subfield code="b">SPOTLIGHT PUBLISHERS</subfield>
    <subfield code="c">2025</subfield>
  </datafield>
  <datafield tag="650" ind1=" " ind2=" ">
    <subfield code="a">ENGLISH TEXTBOOK</subfield>
  </datafield>
  <datafield tag="700" ind1=" " ind2=" ">
    <subfield code="a">ADHOCH STEPHEN,WANGUSI EZEKIEL</subfield>
  </datafield>
  <datafield tag="942" ind1=" " ind2=" ">
    <subfield code="2">lcc</subfield>
    <subfield code="c">BK</subfield>
  </datafield>
  <datafield tag="999" ind1=" " ind2=" ">
    <subfield code="c">216764</subfield>
    <subfield code="d">216764</subfield>
  </datafield>
  <datafield tag="952" ind1=" " ind2=" ">
    <subfield code="0">0</subfield>
    <subfield code="1">0</subfield>
    <subfield code="2">lcc</subfield>
    <subfield code="4">0</subfield>
    <subfield code="6">PE1128 S66  02026 V.00010</subfield>
    <subfield code="7">0</subfield>
    <subfield code="8">ARTS</subfield>
    <subfield code="9">376035</subfield>
    <subfield code="a">KSUL</subfield>
    <subfield code="b">KSUL</subfield>
    <subfield code="c">DISPLAY</subfield>
    <subfield code="d">2026-03-03</subfield>
    <subfield code="i">112258</subfield>
    <subfield code="l">0</subfield>
    <subfield code="o">PE 1128.S66 2026 V.10</subfield>
    <subfield code="p">000000018626</subfield>
    <subfield code="r">2026-03-03 12:39:00</subfield>
    <subfield code="t">C.1</subfield>
    <subfield code="w">2026-03-03</subfield>
    <subfield code="y">BK</subfield>
  </datafield>
  <datafield tag="952" ind1=" " ind2=" ">
    <subfield code="0">0</subfield>
    <subfield code="1">0</subfield>
    <subfield code="2">lcc</subfield>
    <subfield code="4">0</subfield>
    <subfield code="6">PE1128 S66  02026 V.00010</subfield>
    <subfield code="7">0</subfield>
    <subfield code="8">ARTS</subfield>
    <subfield code="9">376036</subfield>
    <subfield code="a">KSUL</subfield>
    <subfield code="b">KSUL</subfield>
    <subfield code="c">DISPLAY</subfield>
    <subfield code="d">2026-03-03</subfield>
    <subfield code="i">112259</subfield>
    <subfield code="l">0</subfield>
    <subfield code="o">PE 1128.S66 2026 V.10</subfield>
    <subfield code="p">000000017482</subfield>
    <subfield code="r">2026-03-03 12:39:00</subfield>
    <subfield code="t">C.2</subfield>
    <subfield code="w">2026-03-03</subfield>
    <subfield code="y">BK</subfield>
  </datafield>
  <datafield tag="952" ind1=" " ind2=" ">
    <subfield code="0">0</subfield>
    <subfield code="1">0</subfield>
    <subfield code="2">lcc</subfield>
    <subfield code="4">0</subfield>
    <subfield code="6">PE1128 S66  02026 V.00010</subfield>
    <subfield code="7">0</subfield>
    <subfield code="8">ARTS</subfield>
    <subfield code="9">376037</subfield>
    <subfield code="a">KSUL</subfield>
    <subfield code="b">KSUL</subfield>
    <subfield code="c">DISPLAY</subfield>
    <subfield code="d">2026-03-03</subfield>
    <subfield code="i">112260</subfield>
    <subfield code="l">0</subfield>
    <subfield code="o">PE 1128.S66 2026 V.10</subfield>
    <subfield code="p">000000017378</subfield>
    <subfield code="r">2026-03-03 12:39:00</subfield>
    <subfield code="t">C.3</subfield>
    <subfield code="w">2026-03-03</subfield>
    <subfield code="y">BK</subfield>
  </datafield>
  <datafield tag="952" ind1=" " ind2=" ">
    <subfield code="0">0</subfield>
    <subfield code="1">0</subfield>
    <subfield code="2">lcc</subfield>
    <subfield code="4">0</subfield>
    <subfield code="6">PE1128 S66  02026 V.00010</subfield>
    <subfield code="7">0</subfield>
    <subfield code="8">ARTS</subfield>
    <subfield code="9">376039</subfield>
    <subfield code="a">KSUL</subfield>
    <subfield code="b">KSUL</subfield>
    <subfield code="c">DISPLAY</subfield>
    <subfield code="d">2026-03-03</subfield>
    <subfield code="i">112261</subfield>
    <subfield code="l">0</subfield>
    <subfield code="o">PE 1128.S66 2026 V.10</subfield>
    <subfield code="p">000000017080</subfield>
    <subfield code="r">2026-03-03 12:39:00</subfield>
    <subfield code="t">C.4</subfield>
    <subfield code="w">2026-03-03</subfield>
    <subfield code="y">BK</subfield>
  </datafield>
  <datafield tag="952" ind1=" " ind2=" ">
    <subfield code="0">0</subfield>
    <subfield code="1">0</subfield>
    <subfield code="2">lcc</subfield>
    <subfield code="4">0</subfield>
    <subfield code="6">PE1128 S66  02026 V.00010</subfield>
    <subfield code="7">0</subfield>
    <subfield code="8">ARTS</subfield>
    <subfield code="9">376049</subfield>
    <subfield code="a">KSUL</subfield>
    <subfield code="b">KSUL</subfield>
    <subfield code="c">DISPLAY</subfield>
    <subfield code="d">2026-03-03</subfield>
    <subfield code="i">112352</subfield>
    <subfield code="l">0</subfield>
    <subfield code="o">PE 1128.S66 2026 V.10</subfield>
    <subfield code="p">000000017079</subfield>
    <subfield code="r">2026-03-03 12:39:00</subfield>
    <subfield code="t">C.5</subfield>
    <subfield code="w">2026-03-03</subfield>
    <subfield code="y">BK</subfield>
  </datafield>
</record>
